Návrh procesu personálneho auditu vybraných pracovných pozícií v spoločnosti ŽOS Trnava, a.s.

Gespeichert in:
Bibliographische Detailangaben
1. Verfasser: Gonová, Viera, 1986- (Verfasst von)
Weitere Verfasser: Čambál, Miloš, 1966- (Betreuung Doktorarbeit)
Format: Manuskript Buch
Sprache:Slowakisch
Veröffentlicht: STU v Bratislave MTF UPMK, 2010
Schlagworte:
Online-Zugang:VAIS
Tags: Tag hinzufügen
Keine Tags, Fügen Sie das erste Tag hinzu!

MARC

LEADER 00000ntm a22000003a 4500
001 stu206618
005 20160719160209.7
008 100707s2010------------------------slo-d
040 |a STU  |b slo 
041 0 |a slo 
100 1 |a Gonová, Viera,  |d 1986-  |4 aut  |X 30299  |7 A000030299 
242 0 0 |a Draft of personnel audit process of selected jobs positions in the company ŽOS Trnava, a. p.  |y eng 
245 1 |a Návrh procesu personálneho auditu vybraných pracovných pozícií v spoločnosti ŽOS Trnava, a.s. 
260 |b STU v Bratislave MTF UPMK,  |c 2010 
650 7 |a manažment  |2 stusub 
650 7 |a personálny manažment  |2 stusub 
650 7 |a personálny audit  |2 stusub 
650 7 |a Management  |2 estusub 
650 7 |a personnel management  |2 estusub 
700 1 |a Čambál, Miloš,  |d 1966-  |4 ths  |u M4000  |U MTF Materiálovotechnologická fakulta  |T MTF Ústav priemyselného inžinierstva a manažmentu  |X 279  |U M4000  |Y 84  |7 A000000279 
856 4 |a info a plný text  |u http://is.stuba.sk/zp/portal_zp.pl?podrobnosti=58281  |3 VAIS 
996 |c M*DP-9375  |l MMSKP  |s P  |a 0  |w stu206618_0001